[Event "American Continental Rapid 18th"]
[Site "Medellin"]
[Date "2024.06.01"]
[Round "5"]
[White "Garrido Salgado, Jose Carlos"]
[Black "Sequeiros Alvarado, Rafael"]
[Result "1-0"]
[WhiteElo "1417"]
[BlackElo "1596"]
[PlyCount "77"]
[EventDate "2024.06.01"]
[EventType "swiss (rapid)"]
[EventRounds "9"]
[EventCountry "COL"]
[SourceTitle "CBM 220 Extra"]
[Source "ChessBase"]
[SourceDate "2024.07.31"]
[SourceVersion "1"]
[SourceVersionDate "2024.07.31"]
[SourceQuality "1"]

1. d4 e6 2. Nf3 d5 3. e3 c5 4. b3 Nc6 5. Bd3 Nge7 6. 0-0 Nf5 7. Bxf5 exf5 8. dxc5 Bxc5 9. Bb2 0-0 10. Nbd2 h6 11. c3 Be6 12. h3 Ne5 13. Rc1 Nd3 14. Rc2 Nxb2 15. Rxb2 Bd6 16. Rc2 Qc7 17. Rb2 Qxc3 18. Rc2 Qf6 19. Nd4 Bd7 20. N2f3 Qg6 21. Nh4 Qg5 22. Ndf3 Qe7 23. Qxd5 Bc6 24. Qxf5 Be4 25. Qg4 Bxc2 26. Nd4 Bd3 27. Rd1 Bh7 28. Ndf5 Bxf5 29. Nxf5 Qf6 30. Rxd6 Qa1+ 31. Kh2 Qe5+ 32. f4 Qc3 33. Qh5 f6 34. Nxh6+ gxh6 35. Qg6+ Kh8 36. Qxh6+ Kg8 37. Qg6+ Kh8 38. Rd7 f5 39. Qh7# 1-0

[Event "American Continental Blitz 18th"]
[Site "Medellin"]
[Date "2024.05.29"]
[Round "9"]
[White "Hernandez, Elvert"]
[Black "Sequeiros Alvarado, Rafael"]
[Result "1-0"]
[WhiteElo "1950"]
[BlackElo "1596"]
[PlyCount "61"]
[EventDate "2024.05.29"]
[EventType "swiss (blitz)"]
[EventRounds "9"]
[EventCountry "COL"]
[SourceTitle "CBM 220 Extra"]
[Source "ChessBase"]
[SourceDate "2024.07.31"]
[SourceVersion "1"]
[SourceVersionDate "2024.07.31"]
[SourceQuality "1"]

1. d4 e6 2. c4 d5 3. e3 c5 4. cxd5 exd5 5. Nf3 Nf6 6. Nc3 Nc6 7. Bb5 Bg4 8. h3 Bh5 9. g4 Bg6 10. Ne5 Rc8 11. Qa4 Qb6 12. Bxc6+ bxc6 13. 0-0 Be7 14. g5 Ne4 15. Nxd5 Qd8 16. Nxe7 Qxe7 17. f4 0-0 18. Rf3 f6 19. Nxg6 hxg6 20. h4 Qe6 21. f5 gxf5 22. dxc5 fxg5 23. Qb3 Qxb3 24. axb3 g4 25. Rf4 Nxc5 26. Rxa7 Nd3 27. Bd2 Nxf4 28. exf4 Rcd8 29. Bc3 Rd3 30. Rxg7+ Kh8 31. Rd7+ 1-0

[Event "American Continental Blitz 18th"]
[Site "Medellin"]
[Date "2024.05.29"]
[Round "6"]
[White "Ruiz Jaraba, Valentina Sofia"]
[Black "Sequeiros Alvarado, Rafael"]
[Result "1-0"]
[WhiteElo "1916"]
[BlackElo "1596"]
[PlyCount "77"]
[EventDate "2024.05.29"]
[EventType "swiss (blitz)"]
[EventRounds "9"]
[EventCountry "COL"]
[SourceTitle "CBM 220 Extra"]
[Source "ChessBase"]
[SourceDate "2024.07.31"]
[SourceVersion "1"]
[SourceVersionDate "2024.07.31"]
[SourceQuality "1"]

1. e4 e6 2. d4 d5 3. exd5 exd5 4. Nf3 Nf6 5. c4 Be7 6. Nc3 dxc4 7. Bxc4 0-0 8. 0-0 Bg4 9. Be3 Nc6 10. h3 Bh5 11. Re1 Re8 12. d5 Ne5 13. Be2 Nxf3+ 14. Bxf3 Bxf3 15. Qxf3 Bb4 16. Red1 Rc8 17. Bg5 h6 18. Be3 Re5 19. Qg3 Bxc3 20. bxc3 Rxd5 21. Rxd5 Qxd5 22. Bxh6 Nh5 23. Qg4 Rd8 24. Be3 b6 25. c4 Qe5 26. Re1 Nf6 27. Qh4 Qb2 28. Bg5 Kf8 29. Qh8+ Ng8 30. Bxd8 Qxa2 31. Be7+ Ke8 32. Qxg8+ Kd7 33. Qxf7 Kc6 34. Qe8+ Kb7 35. Qb5 a6 36. Qd5+ c6 37. Qd7+ Kb8 38. Bd6+ Ka8 39. Re8# 1-0

[Event "American Continental Blitz 18th"]
[Site "Medellin"]
[Date "2024.05.29"]
[Round "4"]
[White "Sequeiros Alvarado, Rafael"]
[Black "Bustos Acosta, Isauro"]
[Result "0-1"]
[WhiteElo "1596"]
[BlackElo "1814"]
[PlyCount "23"]
[EventDate "2024.05.29"]
[EventType "swiss (blitz)"]
[EventRounds "9"]
[EventCountry "COL"]
[SourceTitle "CBM 220 Extra"]
[Source "ChessBase"]
[SourceDate "2024.07.31"]
[SourceVersion "1"]
[SourceVersionDate "2024.07.31"]
[SourceQuality "1"]

1. e4 c5 2. Bc4 e6 3. Nf3 a6 4. 0-0 b5 5. Be2 Bb7 6. d3 Nf6 7. Re1 g6 8. Bg5 Bg7 9. c3 0-0 10. e5 Nc6 11. exf6 Bxf6 12. Kf1 0-1

[Event "American Continental Blitz 18th"]
[Site "Medellin"]
[Date "2024.05.29"]
[Round "2"]
[White "Sequeiros Alvarado, Rafael"]
[Black "Gonzalez Lopez, Nicolas Mateo"]
[Result "0-1"]
[WhiteElo "1596"]
[BlackElo "2220"]
[PlyCount "56"]
[EventDate "2024.05.29"]
[EventType "swiss (blitz)"]
[EventRounds "9"]
[EventCountry "COL"]
[SourceTitle "CBM 220 Extra"]
[Source "ChessBase"]
[SourceDate "2024.07.31"]
[SourceVersion "1"]
[SourceVersionDate "2024.07.31"]
[SourceQuality "1"]

1. e4 c6 2. Nc3 d5 3. Nf3 Bg4 4. d3 Nf6 5. e5 Nfd7 6. d4 e6 7. Be2 c5 8. h3 Bxf3 9. Bxf3 cxd4 10. Qxd4 Nc6 11. Qd1 Ndxe5 12. 0-0 Be7 13. Re1 0-0 14. Bf4 Nc4 15. b3 Nd6 16. Qe2 Bf6 17. Bd2 Nd4 18. Qd1 Nxf3+ 19. Qxf3 Ne4 20. Rad1 Nxd2 21. Rxd2 Qa5 22. Rd3 Rac8 23. Ree3 Rxc3 24. Rxc3 d4 25. b4 Qb6 26. Rcd3 dxe3 27. Rxe3 Qxb4 28. g4 Rd8 0-1